Top 10 countries with legislatures by number of members - Statistics

General Stats
  • This quiz has been taken 7 times
  • The average score is 8 of 10
Answer Stats
Answer Numbers % Correct
China 2980
100%
France 925
100%
Germany 805
100%
India 788
100%
Japan 707
100%
United Kingdom 1443
100%
Egypt 896
83%
Indonesia 711
83%
Thailand 732
50%
North Korea 687
17%
No matching quizzes found
Score Distribution
Percent of People with Each Score
Percentile by Number Answered
Your Score History
You have not taken this quiz